INDIAN LEGAL HISTORY (Record no. 9571)

MARC details
000 -LEADER
fixed length control field 00342nam a22001577a 4500
003 - CONTROL NUMBER IDENTIFIER
control field SGT
020 ## - INTERNATIONAL STANDARD BOOK NUMBER
International Standard Book Number 9788189530464
082 ## - DEWEY DECIMAL CLASSIFICATION NUMBER
Classification number 342.290 954,MIT
100 ## - MAIN ENTRY--PERSONAL NAME
Personal name MITTAL,J.K
245 ## - TITLE STATEMENT
Title INDIAN LEGAL HISTORY
250 ## - EDITION STATEMENT
Edition statement 10TH
260 ## - PUBLICATION, DISTRIBUTION, ETC. (IMPRINT)
Place of publication, distribution, etc ALLAHABAD
Name of publisher, distributor, etc CENTRAL LAW AGENCY
Year of Publication 2011
300 ## - PAGE DESCRIPTION
No. of Pages 397
650 ## - SUBJECT ADDED ENTRY--TOPICAL TERM
Topical term or geographic name as entry element LEGAL HISTORY
942 ## - ADDED ENTRY ELEMENTS (KOHA)
Source of classification or shelving scheme Dewey Decimal Classification
Koha item type Books
Holdings
Withdrawn status Lost status Source of classification or shelving scheme Damaged status Not for loan Collection code Home library Current library Shelving location Date acquired Vendor Name Cost, normal purchase price SGTU Bill Number Total Checkouts Full call number Accession No. (Barcode) Date last seen Date last borrowed Bill Date Koha item type Total Renewals
    Dewey Decimal Classification     LAW SGT Science & Social Sciences Library SGT Science & Social Sciences Library Text Book 21/07/2016 SATYAM BOOKS 200.00 SGTU 985 1 342.290954,MIT FL87 29/11/2017 17/11/2017 22/01/2014 Books  
    Dewey Decimal Classification     LAW SGT Science & Social Sciences Library SGT Science & Social Sciences Library Text Book 21/07/2016 SATYAM BOOKS 200.00 SGTU 985 2 342.290954,MIT FL88 01/07/2017 27/06/2017 22/01/2014 Books 1
    Dewey Decimal Classification     LAW SGT Science & Social Sciences Library SGT Science & Social Sciences Library Text Book 21/07/2016 SATYAM BOOKS 200.00 SGTU 985 3 342.290954,MIT FL89 27/02/2026 13/02/2026 22/01/2014 Books  
    Dewey Decimal Classification   Not For Loan LAW SGT Science & Social Sciences Library SGT Science & Social Sciences Library Reference Book 21/07/2016 SATYAM BOOKS 200.00 SGTU 985   342.290954,MIT FL90 21/07/2016   22/01/2014 Books  
    Dewey Decimal Classification     LAW SGT Science & Social Sciences Library SGT Science & Social Sciences Library Text Book 21/07/2016 SATYAM BOOKS 200.00 SGTU 985 4 342.290954,MIT FL91 19/02/2026 10/02/2026 22/01/2014 Books 1